<?xml version="1.0" encoding="UTF-8"?>
<record
    xmlns:xsi="http://www.w3.org/2001/XMLSchema-instance"
    xsi:schemaLocation="http://www.loc.gov/MARC21/slim http://www.loc.gov/standards/marcxml/schema/MARC21slim.xsd"
    xmlns="http://www.loc.gov/MARC21/slim">

  <leader>02861cam a2200325 i 4500</leader>
  <controlfield tag="001">21868923</controlfield>
  <controlfield tag="005">20260227125402.0</controlfield>
  <controlfield tag="006">m    |o  d |      </controlfield>
  <controlfield tag="007">cr |||||||||||</controlfield>
  <controlfield tag="008">201217s2022    nyu     ob    001 0 eng  </controlfield>
  <datafield tag="010" ind1=" " ind2=" ">
    <subfield code="a">  2020057177</subfield>
  </datafield>
  <datafield tag="020" ind1=" " ind2=" ">
    <subfield code="a">9781138914407</subfield>
  </datafield>
  <datafield tag="035" ind1=" " ind2=" ">
    <subfield code="a">21868923</subfield>
  </datafield>
  <datafield tag="040" ind1=" " ind2=" ">
    <subfield code="a">DLC</subfield>
    <subfield code="b">eng</subfield>
    <subfield code="c">DLC</subfield>
    <subfield code="e">rda</subfield>
    <subfield code="d">DLC</subfield>
  </datafield>
  <datafield tag="041" ind1=" " ind2=" ">
    <subfield code="a">English</subfield>
  </datafield>
  <datafield tag="042" ind1=" " ind2=" ">
    <subfield code="a">pcc</subfield>
  </datafield>
  <datafield tag="050" ind1="1" ind2="0">
    <subfield code="a">P90</subfield>
  </datafield>
  <datafield tag="100" ind1=" " ind2=" ">
    <subfield code="a">Long, Paul,</subfield>
    <subfield code="d">1967-</subfield>
    <subfield code="e">author.</subfield>
  </datafield>
  <datafield tag="245" ind1="1" ind2="0">
    <subfield code="a">Media studies </subfield>
    <subfield code="b">: texts, production, context </subfield>
    <subfield code="c">/ Paul Long, Beth Johnson, Shana MacDonald, Schem Rogerson, and Tim Wall ; with Vian Bakir and Andrew McStay.</subfield>
  </datafield>
  <datafield tag="250" ind1=" " ind2=" ">
    <subfield code="a">Third edition.</subfield>
  </datafield>
  <datafield tag="264" ind1=" " ind2="1">
    <subfield code="a">London ;</subfield>
    <subfield code="a">New York :</subfield>
    <subfield code="b">Routledge, Taylor &amp; Francis Group,</subfield>
    <subfield code="c">2022.</subfield>
  </datafield>
  <datafield tag="300" ind1=" " ind2=" ">
    <subfield code="a">xviii, 414 p. : ill ; 27 cm.</subfield>
  </datafield>
  <datafield tag="500" ind1=" " ind2=" ">
    <subfield code="a">Revised edition of Media studies.</subfield>
  </datafield>
  <datafield tag="504" ind1=" " ind2=" ">
    <subfield code="a">Includes bibliographical references and index.</subfield>
  </datafield>
  <datafield tag="505" ind1=" " ind2=" ">
    <subfield code="a">How do media make meaning? &#x2014; Organising meaning in media texts: genre and narrative &#x2014; Media representations &#x2014; Reality media &#x2014; The business of the media &#x2014; Media regulation and policy &#x2014; Media production in a global age &#x2014; Producing audiences: what do media do to people? &#x2014; Investigating audiences: what do people do with media? &#x2014; Media power &#x2014; Conceptualising mass society &#x2014; Modernism, postmodernism and after &#x2014; The consumer society and advertising &#x2014; Media histories.</subfield>
  </datafield>
  <datafield tag="520" ind1=" " ind2=" ">
    <subfield code="a">This thoroughly revised and updated third edition provides a comprehensive introduction to the various approaches to the field, explaining why media messages matter, how media businesses prosper and why media is integral to defining contemporary life.

The text is divided into three parts &#x2013; Media texts and meanings; Producing media; and Media and social contexts &#x2013; &#x3000;exploring the ways in which various media forms make meaning; are produced and regulated; and how society, culture and history are defined by such forms. Encouraging students to actively engage in media research and analysis, each chapter seeks to guide readers through key questions and ideas in order to empower them to develop their own scholarship, expertise and investigations of the media worlds in which we live. Fully updated to reflect the contemporary media environment, the third edition includes new case studies covering topics such as Brexit, podcasts, Love Island, Captain Marvel, Black Lives Matter, Netflix, data politics, the Kardashians, President Trump, &#x2018;fake news&#x2019;, the post-Covid world and perspectives on global media forms.

This is an essential introduction for undergraduate and postgraduate students of media studies, cultural studies, communication studies, film studies, the sociology of the media and popular culture.</subfield>
    <subfield code="c">Provided by publisher.</subfield>
  </datafield>
  <datafield tag="650" ind1=" " ind2="0">
    <subfield code="a">Mass media</subfield>
    <subfield code="9">5003</subfield>
  </datafield>
  <datafield tag="700" ind1=" " ind2=" ">
    <subfield code="a">Wall, Tim,</subfield>
    <subfield code="e">author.</subfield>
    <subfield code="9">26743</subfield>
  </datafield>
  <datafield tag="942" ind1=" " ind2=" ">
    <subfield code="2">lcc</subfield>
  </datafield>
  <datafield tag="952" ind1=" " ind2=" ">
    <subfield code="0">0</subfield>
    <subfield code="1">0</subfield>
    <subfield code="2">lcc</subfield>
    <subfield code="4">0</subfield>
    <subfield code="7">0</subfield>
    <subfield code="a">TBS</subfield>
    <subfield code="b">TBS</subfield>
    <subfield code="d">2026-02-27</subfield>
    <subfield code="l">0</subfield>
    <subfield code="o">P90 LON</subfield>
    <subfield code="r">2026-02-27</subfield>
    <subfield code="t">1</subfield>
    <subfield code="w">2026-02-27</subfield>
    <subfield code="y">1</subfield>
    <subfield code="z">SOON AVAILABLE</subfield>
  </datafield>
  <datafield tag="999" ind1=" " ind2=" ">
    <subfield code="c">5363</subfield>
    <subfield code="d">5363</subfield>
  </datafield>
</record>
